<?xml version="1.0" encoding="UTF-8"?><?xml-stylesheet type="text/xsl" href="static/style.xsl"?><OAI-PMH xmlns="http://www.openarchives.org/OAI/2.0/" xmlns:xsi="http://www.w3.org/2001/XMLSchema-instance" xsi:schemaLocation="http://www.openarchives.org/OAI/2.0/ http://www.openarchives.org/OAI/2.0/OAI-PMH.xsd"><responseDate>2026-06-01T02:16:59Z</responseDate><request verb="GetRecord" identifier="oai:riuma.uma.es:10630/39184" metadataPrefix="marc">https://riuma.uma.es/rest/oai/request</request><GetRecord><record><header><identifier>oai:riuma.uma.es:10630/39184</identifier><datestamp>2026-02-03T11:31:18Z</datestamp><setSpec>com_10630_2254</setSpec><setSpec>col_10630_37953</setSpec></header><metadata><record xmlns="http://www.loc.gov/MARC21/slim" xmlns:dcterms="http://purl.org/dc/terms/" xmlns:doc="http://www.lyncode.com/xoai" xmlns:xsi="http://www.w3.org/2001/XMLSchema-instance" xsi:schemaLocation="http://www.loc.gov/MARC21/slim http://www.loc.gov/standards/marcxml/schema/MARC21slim.xsd">
   <leader>00925njm 22002777a 4500</leader>
   <datafield ind2=" " ind1=" " tag="042">
      <subfield code="a">dc</subfield>
   </datafield>
   <datafield ind2=" " ind1=" " tag="720">
      <subfield code="a">Morales-Siles, Antonio José</subfield>
      <subfield code="e">author</subfield>
   </datafield>
   <datafield ind2=" " ind1=" " tag="720">
      <subfield code="a">Rodero-Cosano, Francisco Javier</subfield>
      <subfield code="e">author</subfield>
   </datafield>
   <datafield ind2=" " ind1=" " tag="260">
      <subfield code="c">2023</subfield>
   </datafield>
   <datafield ind2=" " ind1=" " tag="520">
      <subfield code="a">We consider a two-player sequential game in which players first choose whether to engage in a productive (market game) or unproductive activity (contest game) and then, if both players have chosen to enter the market, they compete in prices. Both economic activities are linked because the rents in the contest game are a fraction of the market profits. Subgame perfection predicts competitive pricing and a battle-of-the-sexes reduced-form game with two asymmetric Nash equilibrium, where only one firm enters. Our experimental results reject the prediction based on backward induction but are easily explained by forward induction arguments. The payoffs from the rent-seeking activity (outside option) influence pricing behaviour and prices do not converge to marginal costs. When the size of the rent seeking activities is large, firms coordinate better on economic activities and, in the event of market competition, prices converge to full collusion.</subfield>
   </datafield>
   <datafield ind1="8" ind2=" " tag="024">
      <subfield code="a">Morales, A.J., Rodero-Cosano, J. Forward induction and market entry with an endogenous outside option. Soc Choice Welf 61, 365–383 (2023). https://doi.org/10.1007/s00355-023-01455-5</subfield>
   </datafield>
   <datafield ind1="8" ind2=" " tag="024">
      <subfield code="a">https://hdl.handle.net/10630/39184</subfield>
   </datafield>
   <datafield ind1="8" ind2=" " tag="024">
      <subfield code="a">10.1007/s00355-023-01455-5</subfield>
   </datafield>
   <datafield tag="653" ind2=" " ind1=" ">
      <subfield code="a">Teoría de juegos</subfield>
   </datafield>
   <datafield tag="653" ind2=" " ind1=" ">
      <subfield code="a">Mercado financiero - Modelos matemáticos</subfield>
   </datafield>
   <datafield ind2="0" ind1="0" tag="245">
      <subfield code="a">Forward induction and market entry with an endogenous outside option</subfield>
   </datafield>
</record>
</metadata></record></GetRecord></OAI-PMH>